[Event "DVM U12 2020"]
[Site "Magdeburg GER"]
[Date "2021.08.05"]
[Round "1"]
[White "Dammasch, Marlon"]
[Black "Selter, Julian André"]
[Result "0-1"]
[Termination "normal"]
[Board "7.3"]
[WhiteElo "860"]
[BlackElo "1391"]
[WhiteClock "01:19:46"]
[BlackClock "01:18:04"]
[WhiteTeam "SV Vimbuch"]
[BlackTeam "Schachvereinigung 1920 Plettenberg e. V."]
[PlyCount "82"]
[WhiteFideId "34608346"]
[BlackFideId "34608168"]
[EventCountry "GER"]
[EventRounds "7"]
[EventType "team-swiss"]
[EventDate "2021.08.04"]

1. e4 {[%emt 0:00:06]} c5 {[%emt 0:00:17]} 2. c4 {[%emt 0:00:10]} Nc6 {[%emt 0:
00:40]} 3. Nf3 {[%emt 0:00:00]} g6 {[%emt 0:00:04]} 4. Nc3 {[%emt 0:00:15]} Bg7
{[%emt 0:00:00]} 5. d3 {[%emt 0:00:18]} d6 {[%emt 0:00:25]} 6. Be3 {[%emt 0:00:
36]} Bg4 {[%emt 0:00:52]} 7. h3 {[%emt 0:00:47]} Bxf3 {[%emt 0:00:32]} 8. Qxf3
{[%emt 0:00:28]} Nd4 {[%emt 0:00:34]} 9. Bxd4 {[%emt 0:00:55]} Bxd4 {[%emt 0:
00:00]} 10. Rc1 {[%emt 0:02:45]} Qa5 {[%emt 0:00:35]} 11. a3 {[%emt 0:01:12]}
Bxc3+ {[%emt 0:00:31]} 12. Rxc3 {[%emt 0:00:27]} Nf6 {[%emt 0:01:40]} 13. Be2 {
[%emt 0:01:14]} O-O {[%emt 0:00:44]} 14. O-O {[%emt 0:00:08]} Nd7 {[%emt 0:00:
30]} 15. Rb1 {[%emt 0:00:38]} Ne5 {[%emt 0:01:20]} 16. Qe3 {[%emt 0:00:45]} Nc6
{[%emt 0:00:29]} 17. Bg4 {[%emt 0:01:29]} e6 {[%emt 0:00:52]} 18. Rb3 {[%emt 0:
02:37]} Qc7 {[%emt 0:01:04]} 19. Rc3 {[%emt 0:00:45]} Rae8 {[%emt 0:01:06]} 20.
b4 {[%emt 0:00:16]} b6 {[%emt 0:00:51]} 21. b5 {[%emt 0:01:19]} Na5 {[%emt 0:
00:45]} 22. a4 {[%emt 0:00:30]} f5 {[%emt 0:00:37]} 23. Bf3 {[%emt 0:00:26]} f4
{[%emt 0:00:48]} 24. Qd2 {[%emt 0:01:07]} e5 {[%emt 0:03:27]} 25. Rcc1 {[%emt
0:00:00]} Qe7 {[%emt 0:00:00]} 26. Qc3 {[%emt 0:00:00]} Qh4 {[%emt 0:00:29]}
27. Re1 {[%emt 0:00:35]} Qg5 {[%emt 0:04:16]} 28. Qd2 {[%emt 0:01:53]} h5 {
[%emt 0:02:20]} 29. Qd1 {[%emt 0:00:24]} Re7 {[%emt 0:01:09]} 30. Qd2 {[%emt 0:
00:12]} Qh6 {[%emt 0:01:13]} 31. g3 {[%emt 0:00:19]} g5 {[%emt 0:01:16]} 32. g4
{[%emt 0:00:39]} hxg4 {[%emt 0:01:37]} 33. Bxg4 {[%emt 0:00:06]} f3 {[%emt 0:
01:14]} 34. Qe3 {[%emt 0:00:28]} Ref7 {[%emt 0:00:33]} 35. Qc1 {[%emt 0:00:00]}
Rf4 {[%emt 0:00:00]} 36. Bxf3 {[%emt 0:00:00]} Rxf3 {[%emt 0:00:00]} 37. Rd1 {
[%emt 0:00:00]} R8f7 {[%emt 0:00:00]} 38. Kf1 {[%emt 0:00:00]} Qxh3+ {[%emt 0:
00:00]} 39. Kg1 {[%emt 0:00:00]} Rg3+ {[%emt 0:00:00]} 40. fxg3 {[%emt 0:00:00]
} Qxg3+ {[%emt 0:00:00]} 41. Kh1 {[%emt 0:00:00]} Rh7# {[%emt 0:00:00]} 0-1

[Event "DVM U12 2020"]
[Site "Magdeburg GER"]
[Date "2021.08.05"]
[Round "1"]
[White "Schmidt, Moritz"]
[Black "Puchas, Tobias"]
[Result "1-0"]
[Termination "normal"]
[Board "7.4"]
[WhiteElo "1454"]
[BlackElo "1011"]
[WhiteClock "01:23:48"]
[BlackClock "01:26:18"]
[WhiteTeam "Schachvereinigung 1920 Plettenberg e. V."]
[BlackTeam "SV Vimbuch"]
[PlyCount "55"]
[WhiteFideId "34603549"]
[BlackFideId "16280440"]
[EventCountry "GER"]
[EventRounds "7"]
[EventType "team-swiss"]
[EventDate "2021.08.04"]

1. e4 {[%emt 0:00:00]} e5 {[%emt 0:00:32]} 2. Nf3 {[%emt 0:00:00]} Nc6 {[%emt
0:00:00]} 3. Bc4 {[%emt 0:00:17]} Bc5 {[%emt 0:00:10]} 4. c3 {[%emt 0:00:11]}
Nf6 {[%emt 0:01:01]} 5. d3 {[%emt 0:00:00]} d6 {[%emt 0:00:00]} 6. Bg5 {[%emt
0:01:23]} h6 {[%emt 0:00:20]} 7. Bh4 {[%emt 0:00:16]} Bg4 {[%emt 0:00:12]} 8.
h3 {[%emt 0:00:27]} Bh5 {[%emt 0:00:21]} 9. O-O {[%emt 0:01:22]} g5 {[%emt 0:
00:00]} 10. Bg3 {[%emt 0:00:51]} Qd7 {[%emt 0:00:37]} 11. a4 {[%emt 0:01:35]}
O-O-O {[%emt 0:01:30]} 12. b4 {[%emt 0:00:37]} Bb6 {[%emt 0:00:42]} 13. a5 {
[%emt 0:00:00]} Nxa5 {[%emt 0:00:11]} 14. bxa5 {[%emt 0:00:42]} Bc5 {[%emt 0:
00:08]} 15. Nbd2 {[%emt 0:00:40]} g4 {[%emt 0:00:27]} 16. hxg4 {[%emt 0:00:29]}
Bxg4 {[%emt 0:01:07]} 17. Qb3 {[%emt 0:02:59]} Rdf8 {[%emt 0:01:31]} 18. a6 {
[%emt 0:01:04]} bxa6 {[%emt 0:00:09]} 19. Bxa6+ {[%emt 0:00:40]} Kd8 {[%emt 0:
00:00]} 20. Bh4 {[%emt 0:00:31]} Qe7 {[%emt 0:01:19]} 21. Qb8+ {[%emt 0:00:53]}
Kd7 {[%emt 0:00:34]} 22. Bb5+ {[%emt 0:01:28]} Ke6 {[%emt 0:02:49]} 23. d4 {
[%emt 0:02:45]} Rxb8 {[%emt 0:00:12]} 24. d5+ {[%emt 0:00:09]} Nxd5 {[%emt 0:
00:40]} 25. exd5+ {[%emt 0:00:00]} Kxd5 {[%emt 0:01:33]} 26. Bc4+ {[%emt 0:00:
17]} Kc6 {[%emt 0:00:12]} 27. Bxe7 {[%emt 0:00:39]} d5 {[%emt 0:00:05]} 28.
Nxe5+ {[%emt 0:00:43]} 1-0

[Event "DVM U12 2020"]
[Site "Magdeburg GER"]
[Date "2021.08.05"]
[Round "1"]
[White "Schwan, Aaron"]
[Black "Schreiber, Benedikt"]
[Result "1-0"]
[Termination "normal"]
[Board "8.1"]
[WhiteElo "1532"]
[BlackElo "1248"]
[WhiteClock "01:03:33"]
[BlackClock "01:08:06"]
[WhiteTeam "SK Tarrasch 1945 München"]
[BlackTeam "Tischtennisclub Grün-Weiß Fritzdorf 1958 e. V."]
[PlyCount "49"]
[WhiteFideId "34603220"]
[BlackFideId "16258533"]
[EventCountry "GER"]
[EventRounds "7"]
[EventType "team-swiss"]
[EventDate "2021.08.04"]

1. e4 {[%emt 0:00:00]} c5 {[%emt 0:00:00]} 2. d4 {[%emt 0:00:00]} cxd4 {[%emt
0:00:00]} 3. c3 {[%emt 0:00:00]} dxc3 {[%emt 0:00:21]} 4. Nxc3 {[%emt 0:00:14]}
g6 {[%emt 0:00:19]} 5. Bc4 {[%emt 0:00:50]} Bg7 {[%emt 0:01:44]} 6. Nf3 {[%emt
0:00:26]} Qc7 {[%emt 0:01:02]} 7. Qb3 {[%emt 0:02:32]} e6 {[%emt 0:00:21]} 8.
Nb5 {[%emt 0:02:19]} Qc6 {[%emt 0:00:00]} 9. Qd3 {[%emt 0:04:43]} Na6 {[%emt 0:
02:51]} 10. O-O {[%emt 0:06:11]} Nc5 {[%emt 0:01:20]} 11. Qd1 {[%emt 0:10:26]}
a6 {[%emt 0:01:09]} 12. Nd6+ {[%emt 0:01:06]} Kf8 {[%emt 0:00:58]} 13. Re1 {
[%emt 0:02:10]} Ne7 {[%emt 0:04:50]} 14. Ng5 {[%emt 0:02:39]} f5 {[%emt 0:01:
15]} 15. exf5 {[%emt 0:07:47]} Nxf5 {[%emt 0:01:05]} 16. Nxf5 {[%emt 0:03:19]}
gxf5 17. Qh5 Ke7 {[%emt 0:01:07]} 18. Qf7+ {[%emt 0:02:20]} Kd8 {[%emt 0:00:00]
} 19. Qxg7 {[%emt 0:00:11]} Kc7 {[%emt 0:01:55]} 20. Bf4+ {[%emt 0:00:03]} Kb6
{[%emt 0:01:26]} 21. Qxh8 {[%emt 0:00:00]} Ka7 {[%emt 0:00:52]} 22. b4 {[%emt
0:00:24]} b5 {[%emt 0:00:51]} 23. Be2 {[%emt 0:01:03]} Nd3 {[%emt 0:01:45]} 24.
Bxd3 {[%emt 0:00:00]} Bb7 {[%emt 0:00:08]} 25. Qd4+ {[%emt 0:00:17]} 1-0

[Event "DVM U12 2020"]
[Site "Magdeburg GER"]
[Date "2021.08.05"]
[Round "1"]
[White "Mombauer, Felix"]
[Black "Rudolph, Alexander"]
[Result "1-0"]
[Termination "normal"]
[Board "8.2"]
[WhiteElo "1177"]
[BlackElo "1352"]
[WhiteClock "01:30:47"]
[BlackClock "01:23:05"]
[WhiteTeam "Tischtennisclub Grün-Weiß Fritzdorf 1958 e. V."]
[BlackTeam "SK Tarrasch 1945 München"]
[PlyCount "111"]
[WhiteFideId "34608249"]
[BlackFideId "16275748"]
[EventCountry "GER"]
[EventRounds "7"]
[EventType "team-swiss"]
[EventDate "2021.08.04"]

1. e4 {[%emt 0:00:00]} c5 {[%emt 0:00:20]} 2. Nf3 {[%emt 0:00:04]} e6 {[%emt 0:
00:20]} 3. c3 {[%emt 0:00:00]} d5 {[%emt 0:01:16]} 4. exd5 {[%emt 0:00:07]}
exd5 {[%emt 0:00:17]} 5. d4 {[%emt 0:00:34]} Nc6 {[%emt 0:01:29]} 6. Bb5 {
[%emt 0:00:22]} Nf6 {[%emt 0:00:52]} 7. Be3 {[%emt 0:00:00]} cxd4 {[%emt 0:05:
05]} 8. cxd4 {[%emt 0:00:00]} Qa5+ {[%emt 0:00:00]} 9. Nc3 {[%emt 0:01:11]} Bb4
{[%emt 0:00:00]} 10. Bxc6+ {[%emt 0:00:12]} bxc6 {[%emt 0:00:52]} 11. O-O {
[%emt 0:00:00]} O-O {[%emt 0:00:42]} 12. Ne5 {[%emt 0:00:21]} Qc7 {[%emt 0:01:
30]} 13. Bf4 {[%emt 0:04:31]} Bd6 {[%emt 0:00:00]} 14. Rc1 {[%emt 0:00:00]} Ba6
{[%emt 0:00:00]} 15. Re1 {[%emt 0:00:00]} Rab8 {[%emt 0:02:42]} 16. Qd2 {[%emt
0:01:08]} Rfe8 {[%emt 0:04:09]} 17. Nd3 {[%emt 0:00:47]} Bxd3 {[%emt 0:01:53]}
18. Bxd6 {[%emt 0:00:00]} Qxd6 {[%emt 0:00:21]} 19. Qxd3 {[%emt 0:00:07]} Rxe1+
{[%emt 0:00:04]} 20. Rxe1 {[%emt 0:00:28]} Rxb2 {[%emt 0:00:21]} 21. Qh3 {
[%emt 0:01:01]} Qe6 {[%emt 0:02:46]} 22. Rxe6 {[%emt 0:00:33]} fxe6 {[%emt 0:
00:36]} 23. Qxe6+ {[%emt 0:00:37]} Kf8 {[%emt 0:00:00]} 24. h3 {[%emt 0:00:09]}
Rc2 {[%emt 0:00:15]} 25. Qc8+ {[%emt 0:02:49]} Ke7 26. Qb8 {[%emt 0:00:00]} Nd7
{[%emt 0:00:00]} 27. Qb4+ {[%emt 0:00:04]} Ke6 {[%emt 0:01:13]} 28. Qb3 {[%emt
0:00:08]} Rd2 {[%emt 0:00:56]} 29. Qb1 {[%emt 0:01:08]} Rxd4 {[%emt 0:00:00]}
30. Qe1+ {[%emt 0:00:26]} Kd6 {[%emt 0:00:23]} 31. Qe3 {[%emt 0:01:21]} c5 {
[%emt 0:00:00]} 32. Nb5+ {[%emt 0:00:16]} Kc6 {[%emt 0:00:34]} 33. Nxd4+ {
[%emt 0:00:08]} cxd4 {[%emt 0:00:04]} 34. Qxd4 {[%emt 0:00:00]} Nc5 {[%emt 0:
00:00]} 35. Qxg7 {[%emt 0:00:28]} Kb5 {[%emt 0:00:37]} 36. Qxh7 {[%emt 0:00:04]
} d4 {[%emt 0:00:27]} 37. Qh5 {[%emt 0:00:04]} d3 {[%emt 0:00:18]} 38. f4 {
[%emt 0:00:05]} d2 {[%emt 0:00:21]} 39. Qe2+ {[%emt 0:01:50]} Kb4 {[%emt 0:00:
00]} 40. Qxd2+ {[%emt 0:00:00]} Kc4 {[%emt 0:00:11]} 41. Qc2+ {[%emt 0:00:04]}
Kd4 {[%emt 0:01:22]} 42. Qxc5+ {[%emt 0:00:00]} Kxc5 {[%emt 0:00:00]} 43. g4 {
[%emt 0:00:00]} a5 {[%emt 0:00:00]} 44. g5 Kd6 45. Kf2 {[%emt 0:00:04]} a4 {
[%emt 0:00:14]} 46. Ke3 {[%emt 0:00:00]} a3 {[%emt 0:00:14]} 47. h4 {[%emt 0:
00:00]} Ke6 {[%emt 0:00:00]} 48. Ke4 {[%emt 0:00:11]} Kd6 {[%emt 0:00:16]} 49.
g6 {[%emt 0:00:00]} Kc5 {[%emt 0:00:06]} 50. g7 {[%emt 0:00:11]} Kb4 {[%emt 0:
00:14]} 51. Kd4 {[%emt 0:00:20]} Kb5 {[%emt 0:00:04]} 52. g8=Q {[%emt 0:00:54]}
Kc6 {[%emt 0:00:00]} 53. Qd5+ {[%emt 0:00:04]} Kc7 54. Kc5 {[%emt 0:02:12]} Kc8
{[%emt 0:00:00]} 55. Kb6 {[%emt 0:00:00]} Kb8 {[%emt 0:00:00]} 56. Qd8# {[%emt
0:00:00]} 1-0

[Event "DVM U12 2020"]
[Site "Magdeburg GER"]
[Date "2021.08.05"]
[Round "1"]
[White "Lipinsky, Pierre"]
[Black "Mende, Lukas"]
[Result "1-0"]
[Termination "normal"]
[Board "8.3"]
[WhiteElo "1418"]
[BlackElo "1044"]
[WhiteClock "00:59:34"]
[BlackClock "01:09:42"]
[WhiteTeam "SK Tarrasch 1945 München"]
[BlackTeam "Tischtennisclub Grün-Weiß Fritzdorf 1958 e. V."]
[PlyCount "91"]
[WhiteFideId "16206290"]
[BlackFideId "34608257"]
[EventCountry "GER"]
[EventRounds "7"]
[EventType "team-swiss"]
[EventDate "2021.08.04"]

1. d4 {[%emt 0:00:00]} d5 {[%emt 0:00:00]} 2. Bf4 {[%emt 0:00:09]} Nc6 {[%emt
0:00:28]} 3. e3 {[%emt 0:00:05]} Nf6 {[%emt 0:00:58]} 4. c4 {[%emt 0:00:00]} e6
{[%emt 0:00:08]} 5. Nc3 {[%emt 0:00:00]} Bb4 {[%emt 0:01:52]} 6. a3 Bxc3+ {
[%emt 0:00:00]} 7. bxc3 {[%emt 0:00:00]} Ne4 {[%emt 0:00:32]} 8. Qc2 {[%emt 0:
00:50]} O-O {[%emt 0:00:20]} 9. Nf3 {[%emt 0:00:39]} Bd7 {[%emt 0:01:33]} 10.
Bd3 {[%emt 0:00:26]} Nf6 {[%emt 0:01:36]} 11. O-O {[%emt 0:01:24]} Na5 {[%emt
0:00:39]} 12. Ne5 {[%emt 0:04:38]} Nc6 {[%emt 0:01:47]} 13. Nxd7 {[%emt 0:00:
35]} Qxd7 {[%emt 0:00:50]} 14. cxd5 {[%emt 0:03:10]} exd5 {[%emt 0:00:00]} 15.
Bg5 {[%emt 0:00:00]} Qe6 {[%emt 0:06:25]} 16. Bf5 {[%emt 0:00:00]} Qe7 {[%emt
0:00:00]} 17. Bxh7+ {[%emt 0:00:00]} Kh8 {[%emt 0:00:00]} 18. Bd3 {[%emt 0:00:
13]} Rfe8 {[%emt 0:03:11]} 19. Qe2 {[%emt 0:00:00]} Qe6 {[%emt 0:01:43]} 20.
Bxf6 {[%emt 0:02:19]} Qxf6 {[%emt 0:00:14]} 21. Qh5+ {[%emt 0:00:19]} Kg8 {
[%emt 0:00:55]} 22. Qxd5 {[%emt 0:00:55]} Rad8 {[%emt 0:00:43]} 23. Qb3 {[%emt
0:03:14]} Na5 {[%emt 0:00:00]} 24. Qb4 {[%emt 0:01:01]} b6 {[%emt 0:00:19]} 25.
Bb5 {[%emt 0:01:51]} c6 {[%emt 0:01:05]} 26. Be2 {[%emt 0:01:47]} Rd5 {[%emt 0:
01:11]} 27. c4 {[%emt 0:08:19]} Rg5 {[%emt 0:01:06]} 28. f4 {[%emt 0:01:19]}
Rg6 {[%emt 0:00:36]} 29. Rf3 {[%emt 0:08:47]} c5 {[%emt 0:00:00]} 30. Qb5 {
[%emt 0:00:00]} Rd8 {[%emt 0:00:00]} 31. Rd1 {[%emt 0:02:06]} cxd4 {[%emt 0:00:
56]} 32. Rxd4 {[%emt 0:01:47]} Rxd4 {[%emt 0:00:52]} 33. Qe8+ {[%emt 0:03:19]}
Kh7 {[%emt 0:00:39]} 34. exd4 {[%emt 0:04:51]} Qxd4+ {[%emt 0:00:00]} 35. Qe3 {
[%emt 0:00:00]} Qa1+ {[%emt 0:00:00]} 36. Rf1 {[%emt 0:00:14]} Qf6 {[%emt 0:00:
37]} 37. Bd3 {[%emt 0:03:45]} Nxc4 {[%emt 0:00:00]} 38. Qh3+ {[%emt 0:00:00]}
Kg8 {[%emt 0:00:00]} 39. Qc8+ {[%emt 0:00:00]} Kh7 {[%emt 0:00:40]} 40. Bxg6+ {
[%emt 0:00:26]} Kxg6 {[%emt 0:00:55]} 41. Qxc4 {[%emt 0:00:19]} a6 {[%emt 0:01:
11]} 42. f5+ {[%emt 0:00:18]} Kh7 {[%emt 0:00:16]} 43. Qg4 {[%emt 0:00:15]} Qe7
{[%emt 0:00:36]} 44. f6 {[%emt 0:00:27]} Qe3+ {[%emt 0:00:23]} 45. Kh1 {[%emt
0:00:12]} g6 {[%emt 0:00:19]} 46. Qh3+ {[%emt 0:00:32]} 1-0

[Event "DVM U12 2020"]
[Site "Magdeburg GER"]
[Date "2021.08.05"]
[Round "1"]
[White "Mende, Alexander"]
[Black "Daugavet, Roman"]
[Result "0-1"]
[Termination "normal"]
[Board "8.4"]
[WhiteElo "866"]
[BlackElo "1182"]
[WhiteClock "01:07:35"]
[BlackClock "00:35:22"]
[WhiteTeam "Tischtennisclub Grün-Weiß Fritzdorf 1958 e. V."]
[BlackTeam "SK Tarrasch 1945 München"]
[PlyCount "100"]
[WhiteFideId "34608265"]
[BlackFideId "34608338"]
[EventCountry "GER"]
[EventRounds "7"]
[EventType "team-swiss"]
[EventDate "2021.08.04"]

1. e4 {[%emt 0:00:00]} e5 {[%emt 0:00:00]} 2. Nf3 {[%emt 0:00:00]} Nc6 {[%emt
0:00:00]} 3. Bc4 {[%emt 0:00:00]} Bc5 {[%emt 0:00:00]} 4. Nc3 {[%emt 0:00:00]}
d6 {[%emt 0:00:00]} 5. h3 {[%emt 0:00:00]} Nf6 {[%emt 0:00:00]} 6. O-O {[%emt
0:00:12]} O-O {[%emt 0:00:15]} 7. d3 {[%emt 0:00:43]} h6 {[%emt 0:00:45]} 8.
Be3 {[%emt 0:01:07]} Bb6 {[%emt 0:00:21]} 9. a3 {[%emt 0:00:54]} Be6 {[%emt 0:
00:20]} 10. Nd5 {[%emt 0:02:31]} Bxd5 {[%emt 0:01:01]} 11. Bxd5 {[%emt 0:01:27]
} Nxd5 {[%emt 0:01:56]} 12. exd5 {[%emt 0:00:46]} Ne7 {[%emt 0:00:24]} 13. c4 {
[%emt 0:01:16]} Nf5 {[%emt 0:00:59]} 14. Bxb6 {[%emt 0:01:25]} axb6 {[%emt 0:
01:15]} 15. d4 {[%emt 0:01:33]} exd4 {[%emt 0:08:07]} 16. Nxd4 {[%emt 0:00:00]}
Nxd4 {[%emt 0:00:00]} 17. Qxd4 {[%emt 0:00:00]} Re8 {[%emt 0:00:00]} 18. Rfe1 {
[%emt 0:00:13]} Qd7 {[%emt 0:01:52]} 19. Re3 {[%emt 0:00:00]} Rxe3 {[%emt 0:01:
18]} 20. fxe3 {[%emt 0:00:15]} Re8 {[%emt 0:00:30]} 21. Re1 {[%emt 0:09:06]}
Qe7 {[%emt 0:00:00]} 22. Kf2 {[%emt 0:04:07]} Qg5 {[%emt 0:07:14]} 23. Qf4 {
[%emt 0:07:29]} Qg6 {[%emt 0:23:02]} 24. Qg4 {[%emt 0:00:00]} Qf6+ {[%emt 0:00:
00]} 25. Kg1 {[%emt 0:01:50]} Qxb2 {[%emt 0:00:00]} 26. Qd7 {[%emt 0:00:03]}
Rf8 {[%emt 0:02:29]} 27. Qxc7 {[%emt 0:00:00]} Qd2 {[%emt 0:01:22]} 28. Kf1 {
[%emt 0:01:09]} Qd3+ {[%emt 0:00:00]} 29. Kf2 {[%emt 0:00:15]} Qxa3 {[%emt 0:
00:49]} 30. Qxb6 {[%emt 0:01:16]} Qa2+ {[%emt 0:00:12]} 31. Re2 {[%emt 0:00:25]
} Qxc4 {[%emt 0:00:49]} 32. Qxb7 {[%emt 0:00:11]} f5 {[%emt 0:03:15]} 33. Qc6 {
[%emt 0:01:48]} Qb4 {[%emt 0:01:49]} 34. Rc2 {[%emt 0:16:33]} f4 {[%emt 0:00:
00]} 35. Rc4 {[%emt 0:00:00]} Qd2+ {[%emt 0:00:00]} 36. Kg1 {[%emt 0:00:00]}
Qxe3+ {[%emt 0:00:00]} 37. Kh2 {[%emt 0:00:00]} Qg3+ {[%emt 0:00:00]} 38. Kg1 {
[%emt 0:00:00]} f3 {[%emt 0:00:00]} 39. Rc2 {[%emt 0:00:00]} f2+ {[%emt 0:00:
00]} 40. Rxf2 {[%emt 0:00:00]} Qxf2+ {[%emt 0:00:00]} 41. Kh1 {[%emt 0:00:00]}
Qe1+ {[%emt 0:00:00]} 42. Kh2 {[%emt 0:00:00]} Qe5+ {[%emt 0:00:00]} 43. Kg1 {
[%emt 0:00:00]} Qe1+ {[%emt 0:01:22]} 44. Kh2 {[%emt 0:00:04]} Rf1 {[%emt 0:01:
02]} 45. Qc8+ {[%emt 0:07:58]} Kh7 {[%emt 0:00:00]} 46. Qc2+ {[%emt 0:00:00]}
Kg8 {[%emt 0:00:00]} 47. Qc8+ {[%emt 0:00:00]} Kf7 {[%emt 0:00:00]} 48. Qd7+ {
[%emt 0:00:00]} Qe7 {[%emt 0:00:00]} 49. Qb5 {[%emt 0:00:03]} Qe5+ {[%emt 0:00:
00]} 50. g3 {[%emt 0:00:00]} Rf2+ {[%emt 0:00:00]} 0-1

[Event "DVM U12 2020"]
[Site "Magdeburg GER"]
[Date "2021.08.05"]
[Round "1"]
[White "Detjen, Mattes"]
[Black "Apel, Linus"]
[Result "0-1"]
[Termination "normal"]
[Board "9.1"]
[WhiteElo "1162"]
[BlackElo "1475"]
[WhiteClock "00:53:13"]
[BlackClock "00:58:38"]
[WhiteTeam "SV Werder Bremen"]
[BlackTeam "USV Erfurt"]
[PlyCount "82"]
[WhiteFideId "16235690"]
[BlackFideId "16265785"]
[EventCountry "GER"]
[EventRounds "7"]
[EventType "team-swiss"]
[EventDate "2021.08.04"]

1. e4 {[%emt 0:00:37]} e5 {[%emt 0:00:34]} 2. Nf3 {[%emt 0:00:00]} Nc6 {[%emt
0:00:26]} 3. d4 {[%emt 0:00:37]} exd4 {[%emt 0:00:06]} 4. Nxd4 {[%emt 0:00:35]}
Bc5 {[%emt 0:00:30]} 5. Be3 {[%emt 0:00:52]} Qf6 {[%emt 0:00:48]} 6. c3 {[%emt
0:01:01]} Nge7 {[%emt 0:01:13]} 7. g3 {[%emt 0:00:39]} d5 {[%emt 0:01:41]} 8.
Bg2 {[%emt 0:03:07]} Nxd4 {[%emt 0:03:14]} 9. cxd4 {[%emt 0:02:06]} Bb4+ {
[%emt 0:03:47]} 10. Nc3 {[%emt 0:02:21]} dxe4 {[%emt 0:00:00]} 11. Bxe4 {[%emt
0:00:00]} c6 {[%emt 0:03:36]} 12. Bg2 {[%emt 0:02:57]} O-O {[%emt 0:00:00]} 13.
O-O {[%emt 0:01:07]} Bf5 {[%emt 0:01:30]} 14. Qb3 {[%emt 0:01:39]} Ba5 {[%emt
0:07:04]} 15. Qxb7 {[%emt 0:00:00]} Bd3 {[%emt 0:00:30]} 16. Rfd1 {[%emt 0:01:
10]} Rfb8 {[%emt 0:00:23]} 17. Qd7 {[%emt 0:01:19]} Bf5 {[%emt 0:00:15]} 18.
Ne4 {[%emt 0:01:36]} Bxd7 {[%emt 0:00:47]} 19. Nxf6+ {[%emt 0:00:27]} gxf6 {
[%emt 0:00:00]} 20. d5 {[%emt 0:01:53]} Rxb2 {[%emt 0:10:05]} 21. Rac1 {[%emt
0:03:01]} Rc8 {[%emt 0:03:01]} 22. dxc6 {[%emt 0:03:47]} Bxc6 {[%emt 0:04:12]}
23. Bd4 {[%emt 0:00:57]} Rd2 {[%emt 0:02:20]} 24. Bxf6 {[%emt 0:00:00]} Rxd1+ {
[%emt 0:00:19]} 25. Rxd1 {[%emt 0:00:33]} Bxg2 {[%emt 0:00:04]} 26. Kxg2 {
[%emt 0:02:01]} Ng6 {[%emt 0:00:00]} 27. Rd7 {[%emt 0:00:00]} Bb6 {[%emt 0:00:
45]} 28. Rd2 {[%emt 0:02:28]} Rc6 {[%emt 0:00:50]} 29. Bb2 {[%emt 0:00:59]} Re6
{[%emt 0:00:54]} 30. Rc2 {[%emt 0:02:06]} Rd6 {[%emt 0:00:00]} 31. Re2 {[%emt
0:06:36]} Bd4 {[%emt 0:03:39]} 32. Rd2 {[%emt 0:00:00]} Be5 {[%emt 0:00:00]}
33. Rxd6 {[%emt 0:01:50]} Bxd6 {[%emt 0:00:45]} 34. f4 {[%emt 0:00:37]} f5 {
[%emt 0:00:15]} 35. Kf3 {[%emt 0:02:26]} Bc5 {[%emt 0:00:00]} 36. h3 {[%emt 0:
00:00]} h5 {[%emt 0:00:00]} 37. Bf6 {[%emt 0:00:46]} Kf7 {[%emt 0:00:00]} 38.
Bd8 {[%emt 0:00:26]} Ke6 {[%emt 0:02:07]} 39. a4 {[%emt 0:00:00]} Kd5 {[%emt 0:
00:23]} 40. a5 {[%emt 0:00:59]} Kc6 {[%emt 0:02:41]} 41. Ke2 {[%emt 0:00:00]}
Kb5 {[%emt 0:00:00]} 0-1

[Event "DVM U12 2020"]
[Site "Magdeburg GER"]
[Date "2021.08.05"]
[Round "1"]
[White "Wagner, Anton"]
[Black "Völpel, Alexander"]
[Result "1-0"]
[Termination "normal"]
[Board "9.2"]
[WhiteElo "1406"]
[BlackElo "1008"]
[WhiteClock "00:28:37"]
[BlackClock "01:08:39"]
[WhiteTeam "USV Erfurt"]
[BlackTeam "SV Werder Bremen"]
[PlyCount "53"]
[WhiteFideId "34608095"]
[BlackFideId "34603131"]
[EventCountry "GER"]
[EventRounds "7"]
[EventType "team-swiss"]
[EventDate "2021.08.04"]

1. d4 {[%emt 0:00:10]} d5 {[%emt 0:00:00]} 2. c4 {[%emt 0:00:00]} Nf6 {[%emt 0:
00:17]} 3. Nc3 {[%emt 0:00:05]} e6 {[%emt 0:00:45]} 4. Nf3 {[%emt 0:00:00]} b6
{[%emt 0:02:38]} 5. Bg5 {[%emt 0:02:55]} Bb7 {[%emt 0:03:13]} 6. e3 {[%emt 0:
02:10]} Nbd7 {[%emt 0:02:29]} 7. Bd3 {[%emt 0:03:01]} c5 {[%emt 0:00:47]} 8.
Qb3 {[%emt 0:05:53]} cxd4 {[%emt 0:00:00]} 9. exd4 {[%emt 0:00:42]} dxc4 {
[%emt 0:04:35]} 10. Bxc4 {[%emt 0:00:00]} h6 {[%emt 0:04:05]} 11. Bh4 {[%emt 0:
11:01]} Rc8 {[%emt 0:01:04]} 12. Be2 {[%emt 0:07:34]} g5 {[%emt 0:04:02]} 13.
Bg3 {[%emt 0:01:08]} Bd5 {[%emt 0:00:40]} 14. Nxd5 {[%emt 0:01:08]} Nxd5 {
[%emt 0:00:45]} 15. O-O {[%emt 0:01:53]} g4 {[%emt 0:01:12]} 16. Nh4 {[%emt 0:
13:34]} Be7 {[%emt 0:00:29]} 17. Nf5 {[%emt 0:04:21]} Bf6 {[%emt 0:01:07]} 18.
Nd6+ {[%emt 0:00:17]} Ke7 {[%emt 0:00:51]} 19. Nxc8+ {[%emt 0:00:20]} Qxc8 {
[%emt 0:00:00]} 20. Rac1 {[%emt 0:01:46]} Qb7 {[%emt 0:01:12]} 21. Bxg4 {[%emt
0:04:14]} Bxd4 {[%emt 0:00:00]} 22. Bf3 {[%emt 0:00:35]} Nc5 {[%emt 0:00:59]}
23. Bxd5 {[%emt 0:11:12]} exd5 24. Rfe1+ Kd7 25. Qb5+ Kc8 {[%emt 0:00:46]} 26.
Re8+ {[%emt 0:00:30]} Rxe8 {[%emt 0:00:21]} 27. Qxe8# {[%emt 0:00:00]} 1-0